Countries Where Soccer Isn't the Most Popular Sport - Statistics

General Stats
  • This quiz has been taken 1,922 times
  • The average score is 25 of 39
Answer Stats
Continent Country Sport % Correct
North America United States American Football
91%
North America Canada Ice Hockey
89%
Asia India Cricket
87%
Oceania Australia Australian Football
85%
Asia China Basketball
85%
Asia Japan Baseball
84%
Oceania New Zealand Rugby
82%
North America Cuba Baseball
76%
Asia Pakistan Cricket
74%
Oceania Fiji Rugby
72%
North America Dominican Republic Baseball
71%
South America Guyana Cricket
68%
North America Jamaica Cricket
67%
North America Bahamas Basketball
64%
Asia Bangladesh Cricket
64%
North America Antigua and Barbuda Cricket
63%
North America Barbados Cricket
63%
Oceania Tonga Rugby
63%
South America Venezuela Baseball
62%
Asia Nepal Cricket
59%
Asia Afghanistan Cricket
58%
Oceania Nauru Australian Football
58%
North America Trinidad and Tobago Cricket
58%
Oceania Palau Baseball
57%
North America Saint Vincent and the Grenadines Cricket
57%
Asia Bhutan Archery
56%
Europe Finland Ice Hockey
56%
North America Panama Baseball
56%
Oceania Papua New Guinea Rugby
56%
Oceania Marshall Islands Basketball
55%
Asia Mongolia Wrestling
51%
Asia Sri Lanka Cricket
49%
Europe Estonia Basketball
47%
Europe Latvia Ice Hockey
47%
Europe Lithuania Basketball
46%
North America Nicaragua Baseball
46%
Asia Taiwan Baseball
46%
Europe Ireland Gaelic Football
43%
Asia Philippines Basketball
42%
No matching quizzes found
Score Distribution
Percent of People with Each Score
Percentile by Number Answered
Your Score History
You have not taken this quiz